000 00572nam a2200181Ia 4500
008 240729s9999 xx 000 0 und d
022 _a2395-3454
245 0 _aNature Environment and Pollution Technology
260 _aIndia
260 _bTechnoscience Publications
650 _a Environmental effects of industries and plants | Science
650 _a Environmental technology. Sanitary engineering
650 _a Science (General)
650 _aTechnology
856 _uhttps://doaj.org/toc/63cf529b6207410393a958e7cbaa185e
942 _2ddc
942 _cDOAJEJ
999 _c68749
_d68749
945 _a1
_bMadushi Gamage
_c1
_dMadushi Gamage